000 00690nam a2200229Ia 4500
003 OSt
005 20220925210036.0
006 a|||||r|||| 00| 0
007 ta
008 220923b |||||||| |||| 00| 0 eng d
037 _cGeneral Book
040 _aRTL
_cRTL
_beng
041 _2eng
_aeng
082 _aX9(M7).216.N64-N59, K5
110 _aSIRSILK LIMITED
_9271132
245 0 _aAnnual report & accounts
260 _aHYDERABAD
_bThe Sirsilk ltd.
500 _a1959-60 (25p), 1960-61 (27p), 1961-62 (25p), 1962-63(25p), 1963-64 (28p)
700 _aSIRSILK LIMITED
_9271133
942 _hX9(M7).216.N64-N59, K5
_cGB
_2CC
999 _c553849
_d553849